La radiografía en la industria moderna
Saved in:
| Format: | Bog |
|---|---|
| Sprog: | spansk |
| Udgivet: |
Nueva York
Kodak
1970
|
| Fag: | |
| Tags: |
Tilføj Tag
Ingen Tags, Vær først til at tagge denne postø!
|
MARC
| LEADER | 00000nam a2200000 a 4500 | ||
|---|---|---|---|
| 001 | UCP2784 | ||
| 003 | CL-VaPUC | ||
| 008 | 990531e19700000us |||||||||||||||||spa|d | ||
| 082 | 0 | 4 | |a 621.3673 |b RAD |2 21 |
| 245 | 1 | 3 | |a La radiografía en la industria moderna |
| 300 | |a 165 p | ||
| 942 | |c BK | ||
| 945 | |d 19990531 00:00:00 |a cmena | ||
| 260 | |a Nueva York |b Kodak |c 1970 | ||
| 650 | 7 | |a RADIOGRAFIA |2 CL-VaPUC |9 429738 | |
| 650 | 0 | |a Rayos X |9 313670 | |
| 650 | 7 | |a METALURGIA FISICA |2 CL-VaPUC |9 271683 | |
| 650 | 7 | |a RADIACTIVIDAD ARTIFICIAL |2 CL-VaPUC |9 429739 | |
| 650 | 7 | |a RAYOS GAMMA |2 CL-VaPUC |9 429740 | |
| 583 | |a last modification |c 20171116 06:22:35 |k Rodrigo Vera | ||
| 999 | |c 281256 |d 281254 | ||
| 952 | |0 0 |1 0 |4 0 |6 621_367300000000000_RAD_1970 |7 0 |8 A |9 321948 |a BIBMEC |b BIBMEC |d 2019-11-20 |i 1499955 |o 621.3673 RAD 1970 |p 1499955 |r 2019-11-20 |w 2019-11-20 |y BK |k MEC | ||